[Event "SVK-chT1W 2425"]
[Site "Slovakia"]
[Date "2024.11.17"]
[Round "2.8"]
[White "Ruckschloss, Karol"]
[Black "Sedlacek, Ondrej"]
[Result "1-0"]
[WhiteElo "2130"]
[BlackElo "1893"]
[PlyCount "59"]
[EventDate "2024.11.16"]
[EventType "team-tourn"]
[EventRounds "11"]
[EventCountry "SVK"]
[SourceTitle "CB51_2024"]
[SourceDate "2024.12.18"]
[SourceVersion "1"]
[SourceVersionDate "2024.12.18"]
[SourceQuality "1"]
[WhiteTeam "Bratislava Slovan II"]
[BlackTeam "Trencin PK"]
[WhiteTeamCountry "SVK"]
[BlackTeamCountry "SVK"]

1. c4 e5 2. Nc3 Nf6 3. g3 c6 4. d4 Bb4 5. dxe5 Bxc3+ 6. bxc3 Ne4 7. Bg2 d5 8. cxd5 Nxc3 9. Qd2 Nxd5 10. Ba3 Nb6 11. Qc3 Be6 12. Rd1 Qc7 13. Nf3 Nd5 14. Qd2 Nd7 15. Bd6 Qb6 16. e4 Ne7 17. Bxe7 Kxe7 18. 0-0 Rhd8 19. Rb1 Qa6 20. Rfd1 Ke8 21. Qg5 g6 22. Bf1 b5 23. Rd6 Nc5 24. Rbd1 Rd7 25. Qf6 Qb7 26. Ng5 h6 27. Nxe6 fxe6 28. Qxg6+ Kd8 29. Rxd7+ Nxd7 30. Qxe6 1-0

[Event "SVK-chT2B 1819"]
[Site "Slovakia"]
[Date "2019.04.07"]
[Round "11.8"]
[White "Sedlacek, Ondrej"]
[Black "Barczi, Viktor"]
[Result "1/2-1/2"]
[WhiteElo "1885"]
[BlackElo "1850"]
[PlyCount "146"]
[EventDate "2018.10.13"]
[EventType "team-tourn"]
[EventRounds "11"]
[EventCountry "SVK"]
[SourceTitle "EXT 2020"]
[Source "ChessBase"]
[SourceDate "2019.10.17"]
[SourceVersion "1"]
[SourceVersionDate "2019.10.17"]
[SourceQuality "1"]
[WhiteTeam "Trencin"]
[BlackTeam "Batorove Kosihy II"]
[WhiteTeamCountry "SVK"]
[BlackTeamCountry "SVK"]

1. d4 d5 2. c4 e6 3. Nc3 Nf6 4. cxd5 exd5 5. Qc2 Nc6 6. e3 Nb4 7. Qd2 Bf5 8. Bb5+ c6 9. Ba4 Nd3+ 10. Kf1 Bb4 11. f3 Nxc1 12. Rxc1 0-0 13. Bc2 Bxc2 14. Rxc2 Re8 15. a3 Ba5 16. b4 Bc7 17. Qf2 a5 18. b5 Qe7 19. bxc6 bxc6 20. Nd1 Qxa3 21. Rxc6 Bd6 22. Qc2 Bb4 23. Kf2 a4 24. Ne2 Rab8 25. Ndc3 Bxc3 26. Rxc3 Rb3 27. Rb1 Rxc3 28. Qxc3 Qe7 29. Ra1 Nd7 30. Rxa4 Nb6 31. Rb4 Nc4 32. Rb3 Qh4+ 33. Ng3 Qxh2 34. e4 Qh4 35. exd5 Nd6 36. Qc6 Qe7 37. Ne4 Nxe4+ 38. fxe4 Qxe4 39. Qc4 g5 40. Kg1 Qe1+ 41. Qf1 Qh4 42. Rh3 Qxd4+ 43. Kh1 Qxd5 44. Qb1 Qe4 45. Qb3 Re6 46. Qb8+ Kg7 47. Qb2+ Qe5 48. Qc2 Qe4 49. Qb2+ Kg6 50. Qh8 Qe1+ 51. Kh2 Qe5+ 52. Qxe5 Rxe5 53. Ra3 g4 54. Ra6+ Re6 55. Ra3 h5 56. Kg3 Kg5 57. Ra5+ f5 58. Kf2 h4 59. Rb5 h3 60. gxh3 gxh3 61. Kg3 Rh6 62. Kh2 Kg4 63. Rb8 f4 64. Rg8+ Kf3 65. Ra8 Rh5 66. Ra3+ Kg4 67. Ra8 Rf5 68. Rg8+ Rg5 69. Rxg5+ Kxg5 70. Kxh3 Kh5 71. Kg2 Kg4 72. Kf2 f3 73. Kf1 Kg3 1/2-1/2

[Event "SVK-chT2B 1516"]
[Site "Slovakia"]
[Date "2015.11.07"]
[Round "3.6"]
[White "Chrenko, Kristian"]
[Black "Sedlacek, Ondrej"]
[Result "0-1"]
[WhiteElo "1930"]
[BlackElo "1000"]
[PlyCount "98"]
[EventDate "2015.10.17"]
[EventType "team-tourn"]
[EventRounds "11"]
[EventCountry "SVK"]
[SourceTitle "EXT 2019"]
[Source "ChessBase"]
[SourceDate "2018.10.10"]
[SourceVersion "1"]
[SourceVersionDate "2018.10.10"]
[SourceQuality "1"]
[WhiteTeam "Tlmace NSK"]
[BlackTeam "Trencin PK"]
[WhiteTeamCountry "SVK"]
[BlackTeamCountry "SVK"]

1. e4 c5 2. Nf3 d6 3. d4 cxd4 4. Nxd4 Nf6 5. Nc3 a6 6. Be3 e6 7. f3 Be7 8. g4 Nc6 9. Qd2 Bd7 10. h4 Nxd4 11. Bxd4 e5 12. Be3 Nxg4 13. fxg4 Bxh4+ 14. Bf2 Bxf2+ 15. Qxf2 Bxg4 16. Bc4 0-0 17. Nd5 b5 18. Bb3 Rc8 19. Qh4 Qxh4+ 20. Rxh4 h5 21. Ne7+ Kh7 22. Nxc8 Rxc8 23. Kd2 g5 24. Rh2 Kg6 25. Rf1 f6 26. Rhf2 Rf8 27. c3 h4 28. Rg1 Bc8 29. Ke3 g4 30. Rh2 Kg5 31. Bd1 g3 32. Rhg2 Bh3 33. Rd2 f5 34. exf5 Rxf5 35. Rxd6 Bg4 36. Bxg4 Kxg4 37. Rg6+ Rg5 38. Rxg5+ Kxg5 39. Kf3 e4+ 40. Kg2 Kg4 41. Rh1 e3 42. b3 e2 43. Re1 h3+ 44. Kg1 Kf3 45. c4 h2+ 46. Kh1 Kf2 47. Rxe2+ Kxe2 48. Kg2 h1Q+ 49. Kxh1 Kf2 0-1